Регионална библиотека "Любен Каравелов" - Русе

Deutsche Grammatik (Запис номер 113501)

MARC детайли
000 -Лидер
Контролно поле с фиксирана дължина 01114nam a2200337 c 4500
003 - Код на организацията, давaща контролен номер
Контролно поле BLK
005 - Дата и час на последна редакция
Контролно поле 20190930130252.0
008 - Елементи от данни с фиксирана дължина
fixed length control field 180409b bul|||||r ||||||| ||bul||
010 ## - Наследен системен номер
LC control number KNG00118905000
020 ## - Международен стандартен номер на книга ISBN
Международен стандартен номер на книга ISBN 978-3-589-22226-1
-- издат.: Cornelsen
040 ## - Източник на каталожния запис
Идентификатор на билиотеката - собственик на записа BLK
041 ## - Код за език
Код за езика на текст/звукозапис или на отделно заглавие Немски
Код за езика КДБФ Немски
080 ## - УДК
Текстов определител УДК Немски език (високонемски, стандартен писмен)
УДК код - определител по УДК 811.112.2
УДК определител -5
УДК - код + определител 811.112.2-5
100 1# - Редна дума - Автор
Автор Funk, Hermann
Авторска отговорност първи автор
R(LIN) 368414
139 ## - Редно поле
Редна дума Funk, Hermann et al.
Авторски знак Fun - F 97
245 10 - Сведения за заглавието
Заглавие Deutsche Grammatik
Редно поле (дума) Hermann Funk; съавт. Michael Koenig; съавт. Lutz Rohrmann.
257 ## - Страна на издаване
Страна на създаване/издаване Германия
260 ## - Област на издателските данни
-- Berlin
Име на издателя, разпространителя и проч. Cornelsen
Година на издаване 2007
300 ## - Физическа характеристика
Страници 160 c.
Размери/Мащаб 19 cm
380 ## - Жанр
Жанр Езикознание. Филология
650 #4 - Допълнително описание по предмет – тема
Основно описание – тема или топоним Немски език - граматика
9 (RLIN) 244518
653 ## - Ключова дума – ненормативна
Ключова дума немски език
653 ## - Ключова дума – ненормативна
Ключова дума граматика
700 1# - Други автори (авторска отговорност)
Лично име Koenig, Michael
Автороска отговорност (Описва отношението между автора и произведението) съавт.
9 (RLIN) 376081
700 1# - Други автори (авторска отговорност)
Лично име Rohrmann, Lutz
Автороска отговорност (Описва отношението между автора и произведението) съавт.
9 (RLIN) 22643
852 ## - Местоположение
Форматна сигнатура Цб 91466
856 4# - Електронен адрес и достъп
Електронен формат pdf - файл
Път до файла /url/
856 4# - Електронен адрес и достъп
Електронен формат pdf - файл
Път до файла /url/
942 ## - АРТИКУЛИ
Вид на библиотечния материал Книги
Скрит в OPAC Не
Koha issues (borrowed), all copies 1
944 ## - СЪЗДАВАНЕ И РЕДАКЦИЯ на ЗАПИСА
Създаване/Редакция Създаване
Дата на регистрацията/редакция 05.11.2008
Служител, извършил регистрацията/редакцията Теодора_Стоянова
944 ## - СЪЗДАВАНЕ И РЕДАКЦИЯ на ЗАПИСА
Създаване/Редакция Редакция
Дата на регистрацията/редакция 05.11.2008
Служител, извършил регистрацията/редакцията
999 ## - СИСТЕМНИ КОНТРОЛНИ НОМЕРА
Koha biblionumber 113501
Koha biblioitemnumber 113501
Наличности
Код за отписване Код за изгубен артикул Източник на класификационната схема Код за повреда Коз за рестрикции Код за отдаване Артикулен № Име на библиотеката - собственик Име на библиотеката, в която се намира в момента Статус (Текущо местоположение) Дата на вписване в системата Местоположение - отдел Цена в лева Инвентарен номер Систематично азбучна сигнатура Баркод Номер на екземпляра Цена в евро Служебна бележка Служебен тип на артикула
  Не е изгубен Universal Decimal Classification Не е повреден без рестрикции заемане за дома 181808 Регионална библиотека "Любен Каравелов" Русе Регионална библиотека "Любен Каравелов" Русе ЧЧЗО - нем. ез. - Гьоте инст. 2000-01-01 ЧЧЗО - нем. ез. - Гьоте инст. 20.00 120000906089 Ч5 803.0-5/F 97 120000906089 1 10.23 Дост: DA Вид: А Дата: 01.01.2000 Книги
Vip Innovations Ltd, Rousse, Bulgaria 2025